| 000 | nam a22 7a 4500 | ||
|---|---|---|---|
| 999 |
_c106662 _d106662 |
||
| 005 | 20191025123620.0 | ||
| 008 | 191015b ag ||||| |||| 00| 0 spa d | ||
| 050 | 0 | 4 |
_aHE191 _bO94 1966 |
| 100 | 1 | _aOwen, Wilfred | |
| 240 | 1 |
_aStrategy for mobility _lEspañol |
|
| 245 | 1 | 3 |
_aLa planificación de los transportes _b: soluciones para los países en desarrollo _c/ Wilfred Owen traducción Christina Souverbielle. |
| 250 | _a1a ed. | ||
| 260 |
_aBuenos Aires, Argentina : _bTroquel, _c1966 |
||
| 300 |
_a241 p. ; _c23 cm. |
||
| 504 | _aBibliografía : p. 235 - 241 | ||
| 650 | 7 |
_2lemb _aTransporte _xDesarrollo económico |
|
| 650 | 7 |
_2lemb _aTransporte _xZonas subdesarrolladas |
|
| 700 | 1 |
_aSouverbielle, Christina, _etraductor |
|
| 942 |
_2lcc _cLIB |
||